000 00330nam a2200121Ia 4500
008 240731s9999 xx 000 0 und d
022 _a1360-0524
245 0 _aGender, Place & Culture : A Journal of Feminist Geography
260 _bRoutledge
856 _uhttps://www.tandfonline.com/loi/cgpc20
942 _2ddc
942 _cTFEJ
999 _c76697
_d76697
945 _a1
_bMadushi Gamage
_c1
_dMadushi Gamage